000 00739nam a2200217Ii 4500
003 JO-AjNU
008 230605s9999||||xx |||||||||||||| ||und||
020 _a2-7451-0842-5
040 _aJO-AjNU
_bara
_erda
_cJO-AjNU
041 _aara
050 1 4 _aPJ7969.A53.A17 2009
100 3 _aشرحه وعلق حواشيه محمد معروف الساعدي,
_eauthor
_933654
245 0 0 _aديوان عنترة بن شداد
250 _aط4
264 3 1 _aبيروت:دار الكتب العلمية،2009
300 _a175ص
336 _atext
_btxt
_2rdacontent
337 _aunmediated
_bn
_2rdamedia
338 _avolume
_bnc
_2rdacarrier
650 4 _aالشعر العربي - تاريخ ونقد - العصر الجاهلي 
_933655
999 _aA13720
_c17288
_d17288